[Event "Horgen"]
[Site "Horgen"]
[Date "1995.10.22"]
[Round "2"]
[White "Kortschnoj, Viktor Lvovich"]
[Black "Jussupow, Artur"]
[Result "1/2-1/2"]
[WhiteElo "2635"]
[BlackElo "2680"]
[Annotator "Jussupow,A"]
[PlyCount "123"]
[EventDate "1995.10.??"]
[EventType "tourn"]
[EventRounds "11"]
[EventCountry "SUI"]
[EventCategory "17"]
[SourceTitle "CBM 050"]
[Source "ChessBase"]
[SourceDate "1996.02.01"]
[SourceVersion "1"]
[SourceVersionDate "1996.02.01"]
[SourceQuality "1"]

1. d4 {Kortschnoj} Nf6 2. c4 e6 3. g3 Bb4+ 4. Bd2 Qe7 5. Nf3 Nc6 6. Nc3 d6 7.
d5 $1 exd5 8. cxd5 (8. Nxd5 $5 Nxd5 9. cxd5 Ne5 10. Nxe5 Bxd2+ 11. Qxd2 dxe5 (
11... Qxe5 12. Bg2 Bf5 13. Rc1 O-O 14. O-O Rfc8 15. Rc3 $16) 12. Bg2 O-O 13.
O-O $16 {/\Rc1}) 8... Ne5 9. Nxe5 dxe5 10. Bg2 a6 (10... O-O 11. O-O Bf5 $6 12.
Qb3 $16 e4 13. Rac1 Rad8 14. Bg5 Rfe8 15. Bxf6 gxf6 16. e3 c5 17. dxc6 bxc6 18.
Nxe4 $1 $18 {Magerramov-Ilic/Belgrade/1989/with a different move order}) 11.
O-O O-O 12. Rc1 {/\Bg5} (12. Qb3 $5) 12... h6 13. Qc2 Bd6 $2 (13... Rd8 $1 14.
Rfd1 Bd7 $14 (14... Bg4 15. Be3 $36)) 14. Nd1 $1 {/\Ne3} Bg4 15. e4 $16 (15.
Re1 Qd7 16. Ne3 Bh3 $14) 15... c6 (15... Bd7 16. Ne3 c6 17. dxc6 Bxc6 18. Nf5
Qe6 19. Rfd1 $16) 16. Ne3 (16. dxc6 $5 Rfc8 (16... Rac8 17. Qd3 Rfd8 18. cxb7
$16) 17. cxb7 (17. Qd3 Rxc6 $14) 17... Qxb7 18. Nc3 Bc5 $16) 16... cxd5 17.
Nxg4 Nxg4 18. exd5 Rae8 (18... Nf6 $5) 19. Rfe1 Nf6 20. Qb3 Qd7 $14 21. Re2 (
21. Bb4 Re7 22. Bh3 Qd8 $1 $10) 21... Re7 22. Ba5 (22. Rce1 Rfe8 23. Bc3 Qf5
$132) 22... Rfe8 23. Bc3 h5 (23... Qf5 $5 $10) 24. Qc4 Qf5 25. Rce1 Rc8 26. Qb3
Rce8 27. Bb4 Qd7 28. Bd2 $1 {/\Bg5} Bc5 $5 (28... Qf5 29. Qb6 $16) 29. Bg5 Qf5
30. h4 e4 (30... Ng4 $2 31. Be4 $1 $16) 31. Qc2 $22 (31. Qc3 $14) 31... Rc7 32.
Bxf6 Qxf6 33. Rxe4 Rxe4 34. Rxe4 $14 {^-} g6 35. Qd2 Re7 36. Rc4 Bd6 37. Kh2
Re8 $6 $138 (37... Rc7 $1 {Black should try to exchange rooks, White - Queens.}
) 38. f4 $5 Kg7 39. Bf3 Kg8 40. Kg2 Kg7 41. Qc3 Re7 (41... Qxc3 42. Rxc3 Re7
$14) 42. Qc2 Re8 (42... Re1 $5 43. Be4 (43. Kf2 Ra1 44. a3 Ra2 $132) (43. Be2
$14) 43... Ra1 44. b3 $14) 43. a3 Kg8 44. Qb3 Re7 45. Rc8+ Kg7 46. Qb6 Rd7 47.
Be4 Be7 48. Qxf6+ Kxf6 49. Kf3 Bd6 50. Ke2 (50. b4 a5 $1 {White intensified
the pressure on Black's position, but this strong move is still enough for a
draw.} (50... Rc7 51. Rxc7 Bxc7 52. d6 $16) 51. bxa5 Rc7 $5 {Kortschnoj} (51...
Bxa3)) 50... Rc7 51. Rd8 Ke7 52. Ra8 Rd7 53. Kf3 f5 54. Bd3 Rd8 55. Ra7 Rd7 56.
b4 Bb8 57. Ra8 Rd8 (57... Rxd5 $2 58. Bxf5 $16) 58. Bc4 (58. a4 Bd6 $1 $10) (
58. b5 axb5 59. Bxb5 Rxd5 60. Be8 Kxe8 $1 (60... Bd6 61. Bxg6 Kf6 62. Bxh5 Rd3+
63. Kg2 Rxa3 $16) 61. Rxb8+ Rd8 $10 62. Rxb7 Rd3+) 58... Kd6 59. a4 Rc8 $5 60.
a5 $138 (60. b5 $10) (60. Ba2 $2 Rc3+ 61. Kf2 Bc7 {ץa2}) 60... Rxc4 61. Rxb8
Rxb4 62. Rg8 $10 (62. Rg8 Kxd5 63. Rxg6 Rb3+ 64. Kg2 Rb5 65. Rg5 Ke4 66. Rxh5
Rb2+ (66... Rxa5 67. Rh7 b5 68. h5) 67. Kh3 Kf3 68. Rxf5 Rb1 $10) 1/2-1/2

[Event "Belgrade Investbank"]
[Site "Belgrade"]
[Date "1991.??.??"]
[Round "?"]
[White "Seirawan, Yasser"]
[Black "Jussupow, Artur"]
[Result "0-1"]
[WhiteElo "2615"]
[BlackElo "2625"]
[Annotator "Jussupow,A"]
[PlyCount "68"]
[EventDate "1991.11.??"]
[EventType "tourn"]
[EventRounds "11"]
[EventCountry "YUG"]
[EventCategory "15"]
[SourceTitle "CBM 027"]
[Source "ChessBase"]
[SourceDate "1992.04.01"]
[SourceVersion "1"]
[SourceVersionDate "1992.04.01"]
[SourceQuality "1"]

1. d4 Nf6 2. c4 e6 3. Nf3 Bb4+ 4. Bd2 Qe7 5. g3 Nc6 6. Bg2 Bxd2+ 7. Nbxd2 (7.
Qxd2 $2 Ne4 8. Qc2 Qb4+ 9. Nc3 Nxc3 10. Qxc3 Qxc3+ 11. bxc3 d6 $15) 7... d6 8.
O-O (8. e4 e5 9. d5 Nb8 10. b4) (8. Nf1) 8... O-O (8... a5) 9. e4 e5 (9... a5
10. d5 (10. e5 dxe5 11. dxe5 Nd7 12. Qe2 Nc5 13. Ne4 Bd7 $10) 10... Ne5 (10...
Nb8 11. dxe6 Bxe6 12. Nd4 Nbd7 13. Re1 Nc5 14. Qc2 c6 15. Nf1 $14 {Haik-Sharif
Cannes 1987}) 11. Nxe5 dxe5 12. Qc2 $14 {Hort-Seirawan Lugano 1989}) 10. d5 Nb8
11. Ne1 (11. Nh4 {/\f4}) 11... a5 12. Nd3 Na6 13. a3 (13. b3) (13. f4) 13...
Bg4 (13... Nc5 $5 14. Nxc5 dxc5 15. f4 $14) (13... c6 $5 {- Garcia
Palermo-Adams Oakham 1988}) 14. f3 Bd7 15. b4 axb4 (15... c6 16. bxa5 $14) 16.
axb4 c6 17. dxc6 bxc6 18. Qc2 $14 (18. Qb3 $5 $14 {Yusupov,A-Petrosian,T
URS-ch 1983}) 18... d5 $5 19. c5 $6 (19. Qc3 $5 Be6 20. Ra5 $36) (19. b5 $6 Nb4
20. Nxb4 Qxb4 21. bxc6 Qc5+ 22. Kh1 Bxc6 $15) 19... Be6 $6 (19... dxe4 $142 20.
fxe4 (20. Nxe4 Nd5 21. Qd2 Bf5) 20... Ng4 $22 21. Nc4 $2 Nxb4 $19) 20. Ra4 $1
dxe4 21. fxe4 (21. Nxe4 Nd5 22. Qd2 $10 (22. Rfa1 $2 Naxb4)) 21... Ng4 $1 22.
Rfa1 Nc7 23. Rxa8 Nxa8 $1 (23... Rxa8 $2 24. Rxa8+ Nxa8 25. Qa4 $16) 24. Nf3 (
24. Nc4 Bxc4 25. Qxc4 Nc7 26. Bf3 $10) 24... f6 25. Qc1 $2 (25. h3 $142 Ne3 26.
Qa4 $1 Qd7 (26... Nxg2 27. Qxc6 $16) 27. Qxa8 Nxg2 (27... Qxd3 28. Qxc6 Bd7 29.
Qa6 $16) 28. Qa3 Ne3 (28... Bxh3 $6 29. Nf2 $16) 29. Ndxe5 fxe5 30. Qxe3 Bxh3
31. Nxe5 $146) 25... Nc7 26. Bf1 $6 f5 $17 27. Qg5 (27. Nfxe5 fxe4 28. Nxg4
Bxg4 $17 (28... exd3 29. Nf2 Qf6 $17)) (27. Ndxe5 fxe4 28. Nxg4 exf3 $17 (28...
Bxg4 $17)) 27... Qd7 28. Ra7 $2 (28. Rd1 fxe4 29. Nf2 Nd5 $17) 28... h6 (28...
fxe4 $1 29. Ndxe5 (29. Nfxe5 Nxe5 30. Qxe5 Rxf1+ 31. Kxf1 Qxd3+ $19) 29... Nxe5
30. Qxe5 exf3 31. Rxc7 f2+ $19) 29. Qg6 (29. Qd2 fxe4 30. Ndxe5 Nxe5 31. Qxd7
Nxf3+ $19) 29... Rf6 30. Rxc7 Qxc7 31. Qe8+ Kh7 $19 32. exf5 (32. Qh5 $142)
32... Bf7 $1 33. Qa8 e4 34. Bh3 Ne3 0-1

[Event "Bundesliga 9596"]
[Site "Germany"]
[Date "1996.??.??"]
[Round "?.1"]
[White "Hertneck, Gerald"]
[Black "Jussupow, Artur"]
[Result "0-1"]
[WhiteElo "2575"]
[BlackElo "2680"]
[Annotator "Jussupow,A"]
[PlyCount "84"]
[EventDate "1995.10.14"]
[EventType "team-tourn"]
[EventRounds "15"]
[EventCountry "GER"]
[SourceTitle "GER-chT"]
[Source "ChessBase"]
[SourceDate "1999.07.01"]
[SourceVersion "1"]
[SourceVersionDate "1999.07.01"]
[SourceQuality "1"]
[WhiteTeam "Muenchen 36"]
[BlackTeam "Solingen"]
[WhiteTeamCountry "GER"]
[BlackTeamCountry "GER"]

1. d4 Nf6 2. c4 e6 3. Nf3 d5 4. g3 Bb4+ 5. Bd2 Be7 6. Bg2 O-O 7. O-O c6 8. b3
Nbd7 9. Bc3 Ne4 $5 10. Bb2 {[#]} f5 (10... b5 $5) 11. Nbd2 (11. Ne1 $5) 11...
Qe8 12. e3 (12. Ne1 $5 {/\f3,Nd3}) 12... Qh5 (12... g5 13. Nxe4 (13. Ne1 g4)
13... dxe4 14. Nd2 g4 $13) 13. Nxe4 fxe4 14. Nd2 Qxd1 15. Raxd1 a5 $1 $10 16.
a3 (16. f3 exf3 17. Bxf3 a4 18. Bc3 axb3 19. axb3 Ra2 20. Ra1 Rc2 21. Rac1 $10)
(16. a4 $10) 16... Nf6 $5 (16... b5 $2 17. Bh3 $1 Nf6 18. cxb5 cxb5 19. Rc1 $36
) 17. f3 (17. Rc1 $5 $10) 17... exf3 18. Bxf3 {[#]} (18. Nxf3 a4 $5 19. b4 dxc4
20. Ne5 Nd5 21. Nxc4 b5 $15) 18... b5 $1 (18... Bd7 $10) 19. cxb5 (19. c5 b4
$15) 19... cxb5 20. Rc1 $2 (20. Be2 $1 Bd7 $15) 20... b4 21. a4 (21. axb4 axb4
$36 (21... Bxb4 22. Bc3 Ba6 23. Rfe1 Rfc8 $17)) 21... Ba6 22. Rfe1 Rac8 $17 23.
Rxc8 Rxc8 24. Rc1 Rxc1+ 25. Bxc1 Bd3 26. Bd1 (26. Kf2 $5 $17) 26... Bd6 (26...
Ne4 27. Nxe4 Bxe4 28. Bd2 Kf7 29. Be1 {/\g4} (29. g4 Bh4)) 27. Nf3 Ne4 28. Ne1
Bb1 29. Bc2 Bxc2 30. Nxc2 Kf7 31. Ne1 Kf6 32. Nd3 (32. g4 Kg5 33. h3 Kh4 34.
Kg2 Ng5 35. e4 dxe4 $19) 32... Kf5 33. Nf2 Nxf2 34. Kxf2 Ke4 35. Ke2 g5 36. Bd2
(36. g4 $5 Bxh2 37. Bd2 Bg3 38. Bc1 Bd6 39. Bd2 Be7 40. Be1 Bf6 41. Bg3 e5 42.
dxe5 Bxe5 43. Bf2 Bh2 44. Be1 d4 45. exd4 Kxd4 46. Bd2 h6 47. Be1 Bf4 $19)
36... g4 $19 37. Be1 Be7 38. Bf2 Bg5 39. Bg1 Bf6 40. Bf2 e5 41. dxe5 Bxe5 42.
Be1 Bc3 $19 (42... Bc3 43. Bf2 (43. Bxc3 bxc3 44. b4 axb4 45. a5 b3 46. a6 b2
47. a7 b1=Q 48. a8=Q Qb5+ $19 (48... Qb2+) (48... Qd3+ $19)) 43... h6 44. Bg1
d4 45. exd4 Bxd4 46. Bxd4 Kxd4 47. Kd2 h5 $19) 0-1

[Event "GER-ARM"]
[Site "Baden-Baden"]
[Date "1996.??.??"]
[Round "2"]
[White "Lputian, Smbat G"]
[Black "Jussupow, Artur"]
[Result "1/2-1/2"]
[WhiteElo "2595"]
[BlackElo "2665"]
[Annotator "Jussupow,A"]
[PlyCount "142"]
[EventDate "1996.07.31"]
[EventType "match"]
[EventRounds "4"]
[EventCountry "GER"]
[SourceTitle "CBM 055"]
[Source "ChessBase"]
[SourceDate "1996.12.01"]
[SourceVersion "1"]
[SourceVersionDate "1996.12.01"]
[SourceQuality "1"]
[WhiteTeam "Armenia"]
[BlackTeam "Germany"]
[WhiteTeamCountry "ARM"]
[BlackTeamCountry "GER"]

1. d4 Nf6 2. c4 e6 3. Nf3 Bb4+ 4. Nbd2 O-O 5. a3 Be7 6. e4 d5 7. e5 Nfd7 8. b4
$5 (8. cxd5 exd5 9. b4 (9. Bd3 c5 10. O-O Nc6 11. Re1 a5 12. h3 Re8 13. Nf1
cxd4 14. Ng3 Nf8 15. b3 f6 $1 {Cramling,P-Yusupov,A/Novi Sad ol/1990/-50/530})
9... a5 {-Mikhalevski - Wahls/Bad Endbach/1995/CBM47}) 8... a5 9. b5 c5 10. Bb2
$5 $146 b6 $2 {><c6} (10... Re8 $142 {/\Nf8-Nbd7}) 11. cxd5 exd5 12. Bd3 Re8
13. O-O Nf8 14. Ne1 $1 $16 {/\f4} Ra7 15. f4 Rc7 16. Ndf3 Bd7 {/\c4} 17. a4 {
פb8} Qc8 18. Bb1 (18. Nc2 c4 19. Be2 c3 20. Ba3 Bf5 $132) 18... Bf5 (18... Rd8
$5) 19. dxc5 bxc5 $2 (19... Bxc5+ $142 20. Kh1 $16) 20. Qxd5 Bxb1 21. Rxb1 Qf5
{[%cal Rf5b1,Rf5f4]} 22. Nd2 $1 $18 {[%cal Gd2b1,Gf1f4]} c4 (22... Nbd7 23. Qe4
Qxe4 24. Nxe4 Nb6 25. Ra1 $18) 23. Qe4 Qc8 24. Bc3 Bc5+ 25. Kh1 Bb6 26. Nc2 (
26. Qe2 f5 $1 $132) (26. Qc2 $5) 26... Rd8 27. Na3 Rxd2 28. Bxd2 c3 29. Be3 (
29. Bc1 Nbd7 30. f5 $18) 29... Bxe3 30. Qxe3 c2 31. Rbc1 Rc3 32. Rxc2 Rxc2 33.
Nxc2 Qxc2 34. Qb6 Qc4 35. Kg1 Nbd7 36. Qxa5 Qd4+ 37. Kh1 Qc4 (37... h5 $5 $16)
38. Rb1 $1 Qxf4 39. b6 (39. Qb4 $1) 39... Nxb6 40. Qxb6 (40. Qb4 $5) 40... Qxa4
$16 41. h3 h6 42. Qb4 Qa7 43. Qe4 Ne6 44. Rb7 Qa1+ 45. Rb1 (45. Qb1 Qxe5 46.
Rb8+ Nf8 47. Qb4 Qa1+ 48. Kh2 Qe5+ 49. Kg1 Qa1+ 50. Kf2 Qf6+ $10) 45... Qa7 46.
Kh2 g6 47. Qf3 Qc7 48. Qf6 Qa7 49. Rb5 Qc7 50. Rd5 Qb7 51. Rd6 Qc8 52. Rb6 Nf8
53. Qd6 (53. Qe7 Qc4 54. Rf6 Qd5) (53. Rc6 Qe8) 53... Qc1 $8 (53... Nd7 54. Rc6
Qe8 55. e6 $18) 54. Rb8 $2 Qf4+ 55. Kg1 Qe3+ 56. Kf1 Qf4+ 57. Ke2 Qe4+ 58. Kd1
Qa4+ $1 59. Kd2 Qf4+ 60. Kd3 Qg3+ $1 (60... Qf1+ $2 61. Ke3 Qc1+ 62. Kf3 Qc3+
63. Kf2 Qc2+ 64. Kg3 $18) 61. Kc4 Qf4+ 62. Kb5 Qf1+ 63. Kb6 Qf2+ 64. Kc7 (64.
Qc5 Qb2+ 65. Kc7 $4 Qxb8+ $19) 64... Qa7+ 65. Kc6 Qa4+ 66. Kb6 Qb3+ 67. Ka5 (
67. Kc7 Qc3+ 68. Kd8 Qa5+ $10 69. Ke7 Qa7+ 70. Kf6 Qf2+) 67... Qa2+ 68. Kb4
Qb2+ 69. Ka4 Qc2+ 70. Kb5 Qe2+ 71. Kb6 Qf2+ $10 1/2-1/2

[Event "Bonn GSK"]
[Site "Bonn"]
[Date "1993.??.??"]
[Round "?"]
[White "Von Gleich, Alexander"]
[Black "Kengis, Edvins"]
[Result "0-1"]
[WhiteElo "2335"]
[BlackElo "2555"]
[Annotator "Kengis,E"]
[PlyCount "76"]
[EventDate "1993.??.??"]
[EventType "tourn"]
[EventRounds "9"]
[EventCountry "GER"]
[EventCategory "8"]
[SourceTitle "CBM 034"]
[Source "ChessBase"]
[SourceDate "1993.06.01"]
[SourceVersion "1"]
[SourceVersionDate "1993.06.01"]
[SourceQuality "1"]

1. Nf3 e6 2. c4 Nf6 3. d4 Bb4+ 4. Bd2 c5 5. Bxb4 cxb4 6. g3 O-O 7. Bg2 d6 8.
O-O Re8 9. Qd3 $1 (9. a3 Nc6 10. d5 exd5 11. cxd5 Ne7 12. Ne1 bxa3 13. Rxa3 b5
14. b4 a5 15. bxa5 b4 16. Ra4 Rxa5 17. Rxb4 Nexd5 18. Rb2 Bf5 $36 {Nikolic,
Pr-Kortschnoj,V/Zagreb izt/1987/}) 9... Qe7 10. Nbd2 e5 11. e4 Bg4 12. h3 $5 (
12. c5 $1 dxc5 (12... exd4 $2 13. cxd6 Qxd6 $2 14. e5 $18) (12... Bxf3 $2 13.
cxd6 Qxd6 14. Nxf3 $16) 13. Nxe5 cxd4 14. f4 (14. Nxg4 $2 Nxg4 15. h3 (15. Qxd4
Rd8 16. Qc4 Nxh2 $1 $17 (16... Rxd2 17. Qc8+ Rd8 18. Qxg4 $13)) 15... Ne5 16.
Qxd4 Nbc6 $15) 14... Rd8 (14... Nc6 15. Nxc6 bxc6 16. Qxd4 $14) (14... Nbd7 $6
15. h3 Be6 (15... Nxe5 $4 16. fxe5 $18) 16. Nxd7 Bxd7 17. Qxd4 $16) (14... Na6
15. h3 Be6 16. Qxd4 $1 $14) 15. Nb3 Nc6 (15... Be6 $6 16. Nxd4 Qc5 17. Rfd1 Nc6
18. Nexc6 bxc6 19. e5 $1 $16) 16. Nxc6 bxc6 17. e5 Nd5 18. Qxd4 $14) 12... Bxf3
13. Nxf3 Nbd7 14. Nh4 $2 (14. Rfe1 a5 (14... exd4 $6 15. Nxd4 Nc5 16. Qd2 g6
$16 17. Re3 {/\ Rae1, f4,e5}) (14... Nf8 15. a3) 15. Rad1 Rac8 16. Qb3 exd4 17.
Nxd4 Nc5 18. Qc2 g6 $14) (14. Rae1 {/\ Nh4, f4}) 14... g6 15. f4 exd4 (15...
Nh5 $1 16. Qf3 exf4 17. Nf5 gxf5 (17... Qf6 18. gxf4 gxf5 19. Qxh5 Qxd4+ 20.
Kh2 fxe4 $4 21. Qg4+ $18) (17... Qe6 $1 18. gxf4 (18. d5 Qf6 19. gxf4 gxf5 20.
Qxh5 Nc5 21. Qxf5 Qxf5 22. exf5 Kg7 $17) 18... gxf5 19. Qxh5 fxe4 $17) 18. Qxh5
fxe4 19. Rxf4) 16. Qxd4 Nxe4 17. Rae1 Ndc5 18. Bxe4 $1 Nxe4 19. Nf3 f5 20. Ng5
Rac8 (20... h6 21. Nxe4 fxe4 22. Qd5+ Kg7 23. f5 $40) (20... Qf6 $4 21. Rxe4 $1
$18) (20... Qg7 21. Qd5+) 21. Qd5+ $2 (21. Re3 $1 Rc5 22. Rfe1 Qg7 23. Qxg7+
Kxg7 24. Nxe4 fxe4 25. Rxe4 Rxe4 26. Rxe4 Kf6 27. b3 $10) 21... Kg7 22. Nxe4 (
22. Rxe4 $2 fxe4 23. f5 $2 Qxg5 24. f6+ Kh6 $1 $19) 22... fxe4 23. f5 Rc5 $1 (
23... gxf5 24. Rxf5 Rc5 25. Qd4+ Kg8 26. Rf4 Re5 27. Qxa7 b5) 24. f6+ Qxf6 25.
Qxb7+ (25. Rxf6 $2 Rxd5 26. Ref1 (26. Rxg6+ $2 Kxg6 27. cxd5 Kf6 28. Rf1+ Ke5
29. Rf7 Kxd5 30. Rxb7 e3 31. Kf1 Kc4 $19) 26... Rd3 $1 (26... Rf5 27. R1xf5
gxf5 28. Rxd6 Kf7 29. Rh6 Kg7 30. Rd6 e3 31. Kf1 $13) 27. Rf7+ Kh6 $1 (27...
Kg8 28. Rxb7 Rxg3+ 29. Kh2 Rf3 30. Rxf3 exf3 31. Rxb4 $13) 28. R1f4 Rxg3+ 29.
Kh2 Rg5 30. Rh4+ Rh5 31. Rxh5+ gxh5 (31... Kxh5 $6 32. Rxh7+ Kg5 33. Kg2 Kf4
34. Kf2 $17) 32. Kg2 e3 33. Kf1 e2+ 34. Ke1 Kg5 35. Rf3 $19) 25... Re7 26. Qb8
$2 (26. Rxf6 $1 Rxb7 27. Rxd6 Rxc4 28. Re2 $1 $15 (28. Re6 $2 Rc2 29. R1xe4
Rxb2 30. Re7+ Rxe7 31. Rxe7+ Kf6 32. Rxa7 Ke5 $19)) 26... Rf5 27. Rxf5 (27. g4
Qd4+ $1 (27... Rxf1+ 28. Rxf1 Qd4+ 29. Kh1 Rf7 30. Rxf7+ Kxf7 31. Qc7+ $13) 28.
Kh1 Rf2 $1 29. Qxb4 Rxb2 30. Qa3 Qd2 31. Qg3 e3 $1 $19) 27... gxf5 28. Qxb4
Qd4+ 29. Kg2 a5 $1 30. Qxa5 Qxb2+ 31. Kh1 Qf2 32. Qc3+ Kg6 33. Qe3 (33. a4 Rb7
34. Rd1 Kf7 $1 (34... Rb2 $4 35. Rxd6+ Kh5 36. g4+) 35. Qd2 Qxg3 36. Qd5+ Kf6
$19) 33... Qxe3 34. Rxe3 Rc7 $19 35. Rc3 d5 36. c5 d4 37. Rc4 d3 38. Rd4 Rxc5
0-1

[Event "Parnu-A"]
[Site "Parnu"]
[Date "1996.02.09"]
[Round "7"]
[White "Sokolov, Ivan"]
[Black "Hracek, Zbynek"]
[Result "0-1"]
[WhiteElo "2665"]
[BlackElo "2650"]
[Annotator "Khalifman,A"]
[PlyCount "72"]
[EventDate "1996.02.??"]
[EventType "tourn"]
[EventRounds "10"]
[EventCountry "EST"]
[EventCategory "17"]
[SourceTitle "CBM 052"]
[Source "ChessBase"]
[SourceDate "1996.06.01"]
[SourceVersion "1"]
[SourceVersionDate "1996.06.01"]
[SourceQuality "1"]

1. d4 Nf6 2. Nf3 e6 3. c4 Bb4+ 4. Nbd2 d5 5. a3 {More popular 5.Qa4 Nc6 6.a3
gives White more prospects,in my opinion.} Be7 6. Qc2 Nbd7 (6... O-O 7. e3 c5
$5 8. dxc5 a5 {seems to be more flexible}) 7. e3 O-O 8. b4 a5 9. Rb1 (9. b5 $5
c5 10. bxc6 bxc6 11. c5 $14) 9... axb4 10. axb4 b6 11. Bd3 (11. c5 bxc5 12.
dxc5 (12. bxc5 c6 13. Bd3 Ba6 $10) 12... c6 13. Bd3 e5 14. e4 $13) 11... c5 12.
dxc5 bxc5 13. b5 {The only way to play for advantage.} Bb7 14. O-O Bd6 15. Bb2
h6 16. Rfe1 Qc7 (16... e5 $6 17. cxd5 Nxd5 18. Nc4 Nb4 19. Bh7+ Kh8 20. Qf5 $36
) 17. cxd5 exd5 18. e4 d4 (18... c4 19. e5 $1 cxd3 20. Qxd3 $14) 19. b6 (19.
Nc4 Rfe8 20. e5 (20. Bc1 $5 $13) 20... Nxe5 21. Ncxe5 Bxe5 22. Nxe5 Rxe5 23.
Bxd4 Rh5 $1 24. h3 Ng4 $1 25. Be4 Qh2+ 26. Kf1 cxd4 27. hxg4 (27. Bxb7 $2 d3 $1
28. Qxd3 Qh1+ 29. Ke2 Ra2+ $19) 27... Re5 28. f3 Qh1+ 29. Kf2 Qh4+ $10) 19...
Qb8 20. Nc4 Re8 21. h3 $6 (21. Bc1 $5 $13) 21... Nh5 22. e5 (22. Bc1 $15) 22...
Bxe5 23. Bh7+ $2 (23. Ncxe5 $1 Nxe5 24. Qxc5 Nxd3 (24... Nxf3+ 25. gxf3 Rxe1+
26. Rxe1 Nf4 27. Qxd4 Nxh3+ 28. Kf1 $36) (24... Bxf3 25. Bb5 $1 Re6 26. Bxd4
Rg6 $13) 25. Rxe8+ Qxe8 26. Qxh5 $13) 23... Kh8 24. Bf5 Bxf3 25. Bxd7 (25. gxf3
Nxb6 26. Nxb6 Qxb6 27. Bxd4 Qf6 28. Bxc5 g6 $1 29. Bg4 Qf4 30. Kf1 Qh2 $19)
25... Bh2+ 26. Kh1 Bxg2+ $1 27. Kxg2 Nf4+ 28. Kxh2 (28. Kh1 Qb7+ 29. f3 Bg3 $1
30. Rxe8+ Rxe8 31. Bg4 Re2 32. Nd6 Rxc2 33. Nxb7 Rh2+ 34. Kg1 Rf2 $1 $19) 28...
Nd3+ 29. Kg1 {White had wide choise now.Being rather short of time,he couldn't
find the best chance.} (29. Kh1 Nxe1 30. Qf5 Qb7+ 31. f3 Re2 $1 32. Rxe1 Rxe1+
33. Kg2 Re2+ 34. Kf1 Rxb2 35. Nxb2 Qxb6 $19) (29. f4 Qxf4+ 30. Kh1 Nxe1 31. Qf5
Qg3 32. Qg4 Qd3 $1 $19) (29. Ne5 Nxe1 30. Rxe1 Rxe5 31. Rxe5 Qxe5+ 32. Kg1 Rb8
33. Ba3 Rxb6 34. Qxc5 (34. Bxc5 d3 $19) 34... Rb1+ 35. Kg2 Qe4+ $19) (29. Re5
$5 {Only this move gives some hopes for survival.} Nxe5 30. Nxe5 (30. Bxe8 Ng4+
31. Kg2 Qh2+ 32. Kf3 Rxe8 $19) 30... Rxe5 31. Kg1 $17) 29... Nxe1 30. Qf5 Qb7
31. f3 Nxf3+ 32. Kf2 Nh4 33. Qg4 f5 $1 34. Qxh4 Qxd7 $19 {Black has now
material advantage and White's king position isn't safe anyway.} 35. Qf4 Qe6
36. Nd2 $2 (36. b7 Qxc4 37. bxa8=Q Qc2+ 38. Kg3 Rxa8 39. Qc1 (39. Qf1 Rb8 $19)
39... Qd3+ 40. Kf2 Re8 41. Qd1 Qxh3 $19) (36. Nd6 Qe2+ 37. Kg1 Re6 38. Nf7+ Kh7
39. b7 Rb8 $1 40. Ng5+ hxg5 41. Qxb8 Qe3+ $19) 36... Qe3+ 0-1

[Event "FIDE-Wch k.o."]
[Site "Groningen"]
[Date "1997.12.16"]
[Round "3.5"]
[White "Khalifman, Alexander"]
[Black "Anand, Viswanathan"]
[Result "0-1"]
[WhiteElo "2655"]
[BlackElo "2765"]
[Annotator "Khalifman,A"]
[PlyCount "92"]
[EventDate "1997.12.09"]
[EventType "k.o."]
[EventRounds "7"]
[EventCountry "NED"]
[SourceTitle "CBM 063"]
[Source "ChessBase"]
[SourceDate "1998.03.26"]
[SourceVersion "1"]
[SourceVersionDate "1998.03.26"]
[SourceQuality "1"]

1. d4 Nf6 2. Nf3 e6 3. c4 Bb4+ 4. Nbd2 O-O 5. a3 Bxd2+ 6. Bxd2 b6 7. Bg5 Bb7 8.
e3 d6 9. Bd3 Nbd7 10. O-O h6 11. Bh4 c5 12. Bg3 d5 13. cxd5 exd5 14. dxc5 bxc5
15. b4 Ne4 16. Rc1 Nxg3 17. hxg3 c4 18. Bf5 Nf6 19. Qd4 Qb6 20. Rfd1 Bc8 21.
Bb1 Bg4 22. e4 Rfe8 $1 23. Qxb6 $2 (23. exd5 $1 Bxf3 24. Qxb6 (24. gxf3 $4 Re1+
$19) 24... axb6 (24... Bxd1 25. Qd4 $8 Re1+ 26. Kh2 Ng4+ 27. Qxg4 Bxg4 28. Rxe1
$16) 25. gxf3 $11) 23... axb6 24. exd5 b5 $1 $17 25. Rc3 Rad8 26. Re3 (26. d6
Re6) 26... Rxe3 27. fxe3 Ra8 $1 28. e4 Rxa3 29. e5 Nd7 30. e6 fxe6 31. dxe6
Bxe6 32. Nd4 Bg4 33. Nxb5 Rb3 34. Rc1 Rxb4 35. Ba2 Nb6 36. Nc3 Be6 37. Rb1
Rxb1+ 38. Bxb1 Nd5 39. Nxd5 Bxd5 40. Kf2 Kf7 41. Ke3 Bxg2 42. Kd4 Bf1 43. Be4
Kf6 44. Bf3 Kf5 45. Bd1 Kg5 46. Bf3 h5 0-1

[Event "Groningen PCA"]
[Site "Groningen"]
[Date "1993.??.??"]
[Round "1"]
[White "Tukmakov, Vladimir B"]
[Black "Adams, Michael"]
[Result "1/2-1/2"]
[WhiteElo "2600"]
[BlackElo "2630"]
[Annotator "Kharitonov,A"]
[PlyCount "96"]
[EventDate "1993.12.??"]
[EventType "swiss"]
[EventRounds "11"]
[EventCountry "NED"]
[SourceTitle "CBM 039"]
[Source "ChessBase"]
[SourceDate "1994.04.01"]
[SourceVersion "1"]
[SourceVersionDate "1994.04.01"]
[SourceQuality "1"]

1. d4 Nf6 2. Nf3 e6 3. c4 Bb4+ 4. Bd2 Qe7 5. g3 Nc6 6. Nc3 Bxc3 (6... d5 7. Bg2
O-O 8. a3 Bxc3 9. Bxc3 Ne4 10. Rc1 Rd8 11. Qc2 a5 12. O-O Bd7 $14 {Piket,
J-Korchnoi,V/Nijmegen(m/4)/1993/0:1 (48) Inf 57/486/}) (6... d5 7. a3 Bxc3 8.
Bxc3 Ne4 9. Qb3 $1 $146 {Kaidanov,G-Goldin,A/Pleasantville/1993/ Inf 57/486/})
7. Bxc3 Ne4 8. Rc1 O-O (8... d6 9. d5) 9. Bg2 d6 10. d5 (10. O-O Nxc3 11. Rxc3
e5 12. d5 Nb8 13. Nd2 Nd7 14. b4 $14 {Vyzmanavin,A-Petrosian,A/Moscow(GMA)/1:0
(37) Inf 47/610/} (14. e4 $14 {Polugaevskij,L-Beliavsky,A/Reggio Emilia/1991/1:
0 (42) Inf 53/490/})) 10... Nxc3 11. Rxc3 Nb8 (11... Nd8 12. dxe6 (12. O-O $5
e5 13. Qc2 f5 14. c5) 12... Nxe6 13. O-O Bd7 $14) 12. dxe6 fxe6 13. Nd4 (13.
O-O e5 (13... Nc6 $5) 14. Nd2 Nc6 15. Ne4 $14) 13... e5 14. Nc2 Nd7 (14... a5
15. c5 $5) 15. b4 $5 a5 16. a3 axb4 17. axb4 Nf6 18. O-O c6 19. e4 $14 Be6 20.
Ne3 Ra2 $1 21. Rd3 Rfa8 $2 (21... Rd8 $1 22. Qb1 (22. c5 Ne8 $13) 22... Rda8
23. Rfd1 Ne8 $132) 22. Rxd6 Ne8 23. Rd2 Qxb4 24. Rxa2 Rxa2 25. Qh5 $1 $18 g6 (
25... Nd6 26. Qxe5 Bxc4 27. Nxc4 Nxc4 28. Qe8+ Qf8 29. Qe6+ Qf7 30. Qc8+ $18)
26. Qxe5 Qd6 27. Qg5 Qd4 28. Qe7 Qd7 29. Qb4 (29. Qxd7 $5 Bxd7 30. c5 Ra5 31.
Rc1 Nc7 32. Bf1 Kg7 (32... Ne6 33. Bc4) 33. Rb1 Bc8 34. Nc4 Rxc5 35. Nd6 $18)
29... Qf7 30. e5 (30. c5 $5 {/\31.f4/}) 30... Ng7 31. c5 (31. f4 Nf5) 31... h5
32. Qd4 Kh7 33. h4 (33. h3 $5) 33... Ne8 34. Be4 $2 (34. Nd1 $1 Nc7 35. Nc3 Nb5
(35... Rc2 36. Ne4) 36. Nxb5 cxb5 37. Rb1 Bc4 38. c6 bxc6 39. Bxc6 $18) 34...
Nc7 $132 35. Bc2 Nb5 36. Qd1 (36. Qb4 $5) 36... Kg7 37. f4 $2 (37. Ng2 $5)
37... Ra3 $1 $13 38. Qd2 Qe7 39. f5 gxf5 40. Qf2 (40. Nxf5+ Bxf5 41. Rxf5 Rxg3+
) (40. Bxf5 Qxc5) 40... Nd4 41. Nxf5+ Nxf5 (41... Bxf5 42. Bxf5 (42. Qxd4 $2
Rxg3+ 43. Kf2 Rg4 $19) 42... Qxe5 43. Bd3 $1) 42. Bxf5 Bxf5 43. Qxf5 Rxg3+ 44.
Kf2 Rg6 (44... Qxh4 45. Qf6+ $18) (44... Rg4 45. Ke2 $10) 45. Ke2 $1 $8 Qxc5 (
45... Qxh4 $2 46. Qf8+ Kh7 47. Rf7+ $18) (45... Rg2+ 46. Kf3 Rg6 47. Ke2 $10)
46. Qf7+ Kh6 47. Qf4+ Kg7 48. Qf7+ Kh6 1/2-1/2